ბათუმის შოთა რუსთაველის სახელმწიფო უნივერსიტეტის ბიბლიოთეკა

დამსვენებელი : (ბიბ.ჩანაწერი № 40492)

000 -ლიდერი
ფიქსირებული სიგრძის საკონტროლო ველი 01141nam a2200253Ia 4500
001 - საკონტროლო ნომერი
საკონტროლო ველი 7103
003 - საკონტროლო ნომრის იდენტიფიკატორი
საკონტროლო ველი GE_BSU
005 - ბოლო ოპერაციის თარიღი და დრო
საკონტროლო ველი 20231107153208.0
008 - ფიქსირებული სიგრძის მონაცემთა ელემენტები - ზოგადი ინფორმაცია
ფიქსირებული სიგრძის საკონტროლო ველი 181216s2007||||ge |||||||||||||| ||geo||
020 ## - წიგნის საერთაშორისო სტანდარტული ნომერი
International Standard Book Number 9789994093212
040 ## - კატალოგიზაციის წყარო
Transcribing agency GE_BSU
041 ## - ენის კოდი
Language code of text/sound track or separate title geo
080 ## - უნივერსალური ათობითი კლასიფიკაციის ინდექსი
Universal Decimal Classification number 821.112.2-31 ჰ-53
100 ## - მთავარი ჩანაწერი - პიროვნების სახელი
Personal name ჰესე, ჰერმან
9 (RLIN) 20299
245 ## - ცნობა სათაურის შესახებ
Title დამსვენებელი :
Remainder of title ჩანაწრები ჩეემი ბადენში მკურნალობის თაობაზე /
Statement of responsibility, etc ჰერმან ჰესე ; გერმ. თარგმნ. ნანა გოგოლაშვილმა.
264 ## - წარმოების, გამოცემის, დისტრიბუციის და სხვა ცნობები
გამოცემის, წარმოების, დისტრიბუციის... ადგილი თბილისი :
გამოცემის, წარმოების, დისტრიბუციის... სახელწოდება ინტელექტი,
გამოცემის, წარმოების, დისტრიბუციის... თარიღი 2007.
300 ## - ფიზიკური აღწერა
Extent 259 გვ. ;
Dimensions 20 სმ.
490 ## - სერიის ცნობა
Series statement ნობელის პრემიის ლაურეატები
653 ## - INDEX TERM--UNCONTROLLED
Uncontrolled term გერმანული მხატვრული ლიტერატურა
653 ## - INDEX TERM--UNCONTROLLED
Uncontrolled term მოთხრობა
700 ## - ADDED ENTRY--PERSONAL NAME
Personal name გოგოლაშვილი, ნანა
Relator term მთარგმნელი
9 (RLIN) 16467
942 ## - ADDED ENTRY ELEMENTS (KOHA)
Koha item type წიგნი
Source of classification or shelving scheme
ეგზემპლარები
ჩამოწერის სტატუსი დაკარგული ეგზემპლარის სტატუსი კლასიფიკაციის წყარო ან თაროზე გაწყობის სქემა დაზიანების სტატუსი არ გაიცემა მუდმივი მდებარეობა (დაცვის ადგილი) ამჟამინდელი ადგილსამყოფელი თაროზე განთავსების ადგილი შეძენის თარიღი ღირებულება, შესყიდვის ნორმალური ფასი სრული შენახვის შიფრი შტრიხკოდი ბოლო ოპერაციის თარიღი ეგზემპლარის მიმდევრობითი ნომერი (კეტერი?) ფასის ძალაში შესვლის თარიღი ეგზემპლარის სახეობა საჯარო შენიშვნა
          ბათუმის შოთა რუსთაველის სახელმწიფო უნივერსიტეტის მთავარი ბიბლიოთეკა ბათუმის შოთა რუსთაველის სახელმწიფო უნივერსიტეტის მთავარი ბიბლიოთეკა წიგნსაცავი 2018-12-17 8.00 821.112.2-31 ჰ-53 22958 2018-12-17 22958 2018-12-17 წიგნი 8.00 ₾.
          ბათუმის შოთა რუსთაველის სახელმწიფო უნივერსიტეტის მთავარი ბიბლიოთეკა ბათუმის შოთა რუსთაველის სახელმწიფო უნივერსიტეტის მთავარი ბიბლიოთეკა წიგნსაცავი 2018-12-17 8.95 821.112.2-31 ჰ-53 47940 2018-12-17 47940 2018-12-17 წიგნი 8.95 ₾.